Quizzes
Events
Quiz Creation
Community
Videos
Private Events
Remove Ads
Sign In
Join for FREE
Feedback
Dark Mode
Quiz Categories
Sports
Geography
Music
Movies
Television
Just For Fun
Miscellaneous
History
Literature
Language
Science
Gaming
Entertainment
Religion
Holiday
For Kids
Quiz Lab
Recent
Popular Today
Quiz Kudos Today
Editor Picks
Curator Picks
Quizzes by...
Day
Popularity
Type
Ratings
Length
Year
Community
Subscriptions
Recent Discussions
Orange Saloon
Badges
Playlists
Quests
Create
Leaderboards
Showdown
Live 5
Trivia Bingo
Activity
Puzzle Library
Sporcle Events
Private Events
Virtual Trivia
Globe League
Become a Host
Pub Owners
SporcleCon
Opinionation
Our Games
Videos
Blog
Mobile Apps
Partnerships
Remove Ads and Go Orange
Feedback
Sports
Athletes
MLB
NBA
NHL
NFL
Soccer
Sports Teams
WWE
NCAA
Football
Premier League
Basketball
Baseball
Hockey
Golf
Tennis
Cricket
Rugby
Auto Racing
Olympics
World Cup
Sports
Athletes
MLB
NBA
NHL
NFL
Soccer
Sports Teams
WWE
NCAA
Football
Premier League
Basketball
Baseball
Hockey
Golf
Tennis
Cricket
Rugby
Auto Racing
Olympics
World Cup
Random Quiz
Search Sporcle
×
Quiz Lab
Quiz Lab
Sports
Baseball
Type in answers that appear in a list
Type in answers that appear in a list
Classic
Best Score? Go Orange.
Reds Pitchers Since 2001 Stats
Can you name the Reds Pitchers Since 2001?
By
JacobB1589
15m
152 Questions
39 Plays
39 Plays
39 Plays
Comments
Comments
Give Quiz Kudos
Give Quiz Kudos
-
- Ratings
hide this ad
More Info
Replay
Link that replays current quiz
Next Quiz
Link to next quiz in quiz playlist
You Got
0%
They Got
Avg Score
24%
Avg Friend Score
Upgrade to see
Score Distribution
Jump to the score distribution portion of the page
Score
0/152
Timer
15:00
0
Plays Today
Position
Player
% Correct
SP
Bronson Arroyo
100%
SP
Johnny Cueto
100%
SP
Aaron Harang
89.7%
SP
Edinson Volquez
89.7%
SP
Homer Bailey
87.2%
RP
Aroldis Chapman
84.6%
SP
Mike Leake
82.1%
SP
Mat Latos
79.5%
SP
Paul Wilson
76.9%
RP
Danny Graves
74.4%
RP
Jason Johnson
64.1%
RP
Francisco Cordero
59%
SP
Dave Williams
59%
RP
Jonathan Broxton
59%
RP
Todd Jones
56.4%
RP
Dave Weathers
53.8%
RP
Logan Ondrusek
53.8%
RP
Jordan Smith
53.8%
SP
Travis Wood
51.3%
SP
Elizardo Ramirez
51.3%
SP
Lance Davis
51.3%
RP
Sean Marshall
51.3%
SP
Ramon A. Ramirez
51.3%
RP
Frankie Rodriguez
43.6%
RP
Bill Bray
41%
RP
Arthur Rhodes
41%
SP
Kyle Lohse
38.5%
RP
Scott Williamson
38.5%
SP
Kip Wells
38.5%
SP
Pete Harnisch
38.5%
SP
Tony Cingrani
38.5%
SP
Elmer Dessens
35.9%
SP
Eric Milton
35.9%
SP
Ryan Dempster
35.9%
RP
Sam LeCure
35.9%
RP
Gabe White
35.9%
RP
Jose Arredondo
35.9%
RP
Dennys Reyes
35.9%
SP
Jimmy Anderson
35.9%
RP
Rick White
35.9%
RP
Scott Sullivan
33.3%
SP
Rob Bell
33.3%
RP
J.J. Hoover
33.3%
SP
Jesus Sanchez
33.3%
SP
Jimmy Haynes
30.8%
RP
Nick Masset
30.8%
RP
Todd Coffey
30.8%
RP
Alfredo Simon
30.8%
SP
Daryl Thompson
30.8%
RP
Manny Parra
29.4%
RP
Jared Burton
28.2%
Position
Player
% Correct
SP
Cory Lidle
28.2%
RP
Kent Mercker
28.2%
RP
Carlos FIsher
28.2%
RP
Daniel Ray Herrera
28.2%
RP
Gary Majewski
28.2%
RP
Mike Stanton
28.2%
RP
Chris Reitsma
25.6%
RP
Matt Belisle
25.6%
SP
Jose Acevedo
25.6%
SP
Ramon Ortiz
25.6%
RP
Joey Hamilton
25.6%
RP
Ryan Wagner
25.6%
RP
Jose Rijo
25.6%
SP
Josh Fogg
25.6%
SP
Greg Reynolds
23.5%
RP
Curtis Partch
23.5%
SP
Todd Redmond
23.1%
SP
Brandon Claussen
20.5%
RP
Micah Owings
20.5%
RP
Mike Lincoln
20.5%
SP
Osvaldo Fernandez
20.5%
SP
Dontrelle Willis
20.5%
SP
Jared Fernandez
20.5%
RP
Ryan Franklin
20.5%
RP
Todd Van Poppel
17.9%
RP
Jeremy Affeldt
17.9%
RP
Bruce Chen
17.9%
RP
Eddie Guardado
17.9%
SP
Joe Mays
17.9%
SP
Josh Hall
17.9%
SP
Matt Maloney
15.4%
RP
Jon Coutlangus
15.4%
RP
Mark Wohlers
15.4%
RP
John Riedling
12.8%
RP
Jim Brower
12.8%
RP
Hector Mercado
12.8%
RP
Victor Santos
12.8%
SP
Brian Moehler
12.8%
RP
Chris Hammond
12.8%
SP
Jung Bong
12.8%
RP
Jeremy Horst
12.8%
RP
Zach Duke
11.8%
RP
Justin Freeman
11.8%
SP
Luke Hudson
10.3%
RP
Phil Norton
10.3%
SP
Justin Lehr
10.3%
SP
Bobby Livingston
10.3%
SP
Shawn Estes
10.3%
RP
Jose Silva
10.3%
RP
Marcus McBeth
10.3%
SP
Phil Dumatrait
10.3%
Position
Player
% Correct
RP
Rheal Cormier
10.3%
RP
Josh Roenicke
10.3%
RP
Esteban Yan
10.3%
RP
Juan Padilla
10.3%
RP
Mark Watson
10.3%
RP
Brian Reith
7.7%
RP
Felix Heredia
7.7%
RP
Jason Standridge
7.7%
SP
John Bale
7.7%
RP
Joe Valentine
7.7%
RP
Kirk Saarloos
7.7%
SP
Chris Michalak
7.7%
RP
Mike Gosling
7.7%
RP
Mike Matthews
7.7%
RP
Brad Salmon
7.7%
RP
Scott Winchester
7.7%
RP
Scott Schoeneweis
7.7%
RP
Ben Weber
7.7%
RP
Enerio Del Rosario
7.7%
RP
Pedro Viola
7.7%
SP
Justin Germano
7.7%
SP
Sun-Woo Kim
7.7%
SP
Chad Reineke
7.7%
RP
Jon Adkins
7.7%
RP
Chris Booker
7.7%
RP
Russ Springer
7.7%
RP
Pedro Villarreal
7.7%
RP
Nick Christiani
5.9%
RP
Josh Hancock
5.1%
RP
Randy Keisler
5.1%
RP
Brian Shackelford
5.1%
RP
Chris Nichting
5.1%
RP
Ricky Stone
5.1%
SP
Tom Shearn
5.1%
RP
Luis Pineda
5.1%
RP
Scott MacRae
5.1%
SP
Seth Etherton
5.1%
RP
Dan Serafini
5.1%
SP
Jeff Austin
5.1%
RP
Scott Randall
5.1%
RP
Mike Burns
5.1%
RP
Juan Cerros
5.1%
RP
Carlos Almanzar
5.1%
RP
Chris Piersoll
5.1%
RP
Josias Manzanillo
5.1%
RP
Justin Atchley
5.1%
RP
Allan Simpson
5.1%
RP
Robert Manuel
5.1%
RP
Aaron Myette
5.1%
RP
Adam Pettyjohn
5.1%
Quiz Playlist
Details
Report
Send in Message
Add To Playlist
More Info:
*Pitchers are listed in order of innings pitched.
Classic:
Type in answers that appear in a list
Quiz Source
Last Updated: Feb 16, 2017
Quiz Scoreboard
CHALLENGE
Sign Up to Join the Scoreboard
Show All
Scores
Hide
Comments
May contain spoilers
Recently Published
9x9 Crossword: Cartoon Network
by jackfrog10
Miscellaneous
3m
College Basketball Coaching Resumes
by pancakes188
Sports
9m
Billboard Blitz: Fleetwood Mac
by CooCooCachoo
Music
15s
More to Explore
Quiz From the Vault
Featured Blog Post
Where Did the Easter Bunny Come From?
hide this ad
You Might Also Like...
Tags
Baseball Quiz
MLB Quiz
Cincinnati Reds
Today's Top Quizzes in Sports
Browse Sports
hide this ad
Today's Top Quizzes in Baseball
Browse Baseball
Top Contributed Quizzes in Sports
1
2022 World Cup Stars
2
Les meilleurs buteurs des matchs entre le PSG et l’OM
3
FIFA Club World Cup Champions
4
Les entraîneurs de l'OM et du PSG au 21e siècle
5
Criteria MLB: Left Handed Sluggers
6
2023 MLB Unique Player Accomplishments
7
AFC Teams Reveal (Wrong Answers Minefield)
8
Players with Multiple 50 Home Run Seasons
9
5-to-1: FBS Animal Nicknames
10
5-to-1: UK Sports Teams
Explore More
Trending Topics
Kpop
Disney
Crossword
Marvel
NBA
Anime
Harry Potter
The Office
Song
Country
WWE
Pokémon
Soccer
Puzzle
NFL
hide this ad
More By:
JacobB1589
Quiz
Plays
Rating
Category
Featured
Created
Reds Position Players Since 2001
62
5.00
Sports
Jan 12, 2013
Yankees Position Players Since 2001
789
4.17
Sports
Dec 6, 2012
Every Wrestler to Compete at an AEW PPV
360
5.00
Sports
Aug 5, 2021
Red Sox Position Players Since 2001
346
4.43
Sports
Oct 31, 2012
Yankees Pitchers Since 2001
319
4.50
Sports
Dec 6, 2012
Mets Position Players Since 2001
194
5.00
Sports
Feb 13, 2013
Go to Creator's Profile
Score Distribution
Quiz Creator Spotlight
JacobB1589
Follow
Send a Message
Quizzes Created
-
Created Quiz Play Count
-
More By This Creator
Popular Quizzes Today
1
Find the US States - No Outlines Minefield
2
Find the Countries of Europe - No Outlines Minefield
3
The Countries of the World
4
Find the US States
5
Risky Map Clicking: Biggest States A-Z
6
US States
7
Popular People in 1961
8
Movies - When Are They Set?
More Sports Quizzes
Indian Bowlers with ODI Five fors against New Zealand
Quiz Lab
Trending Quizzes
Risky Map Clicking: Least Populous States A-Z
1-10 Letter G Words
Risky Map Clicking: Next State Alphabetically
Adjectives in 80s TV Shows
Risky Map Clicking: Biggest States A-Z
Recently Updated
Leaping Animals
pecheneg
Reality TV Shows (A-Z)
bhenderson79
Rickey Henderson's Hall of Fame Teammates
pecheneg
Champions League XIs: Arsenal
pecheneg
Quick Pick: Celebrities in WWE's Hall of Fame
aduchscher
A-Z Keypad Blitz II
pecheneg
Multiple Oscar Actors
pecheneg
Mystery Phrase Blitz: Oscar 'Best Actors'
pecheneg
F. Scott Fitzgerald Novels
LTH
Pick 3 Villains
ddd62291
Trending Topics
Harry Potter
NBA
Disney
Crossword
Kpop
Anime
Marvel
NFL
Soccer
Puzzle
The Office
WWE
Country
Song
Pokémon
Your Account Isn't Verified!
In order to create a playlist on Sporcle, you need to verify the email address you used during registration. Go to your
Sporcle Settings
to finish the process.
Report this User
Report this user for behavior that violates our
Community Guidelines
.
Details:
Send Report
Go to the Sporcle.com Mobile Site →
Comments